Memòria de treballs i activitats / Cambra Oficial de Comerç i Indústria de Terrassa
Descripción Física:
7 v. ; 30 cm
MARC
| LEADER | 00000nam a2200000Ia 4500 | ||
|---|---|---|---|
| 001 | 7627, 7582, 8063, 8685, 9111, 9598, 9824 | ||
| 008 | 160829s1986 - 1992 xx 000 0 cat d | ||
| 080 | |a M-1-43, M-1-44, M-1-45, M-1-46, M-1-47, M-1-48, M-1-49 | ||
| 100 | |a Cambra Oficial de Comerç i Indústria de Terrassa |9 48459 | ||
| 245 | |a Memòria de treballs i activitats / Cambra Oficial de Comerç i Indústria de Terrassa | ||
| 260 | |a Barcelona : |b [l'Entitat], |c 1986 - 1992 | ||
| 300 | |a 7 v. ; |c 30 cm | ||
| 650 | |a Cambra Oficial de Comerç i Indústria de Terrassa |x Memòries |9 30007 | ||
| 866 | |a 1985, 1986, 1987, 1988, 1989, 1990, 1991 | ||
| 901 | |a Arxiu | ||
| 942 | |n 1 | ||
| 952 | |0 0 |1 0 |4 0 |6 M143_M144_M145_M146_M147_M148_M149 |7 1 |9 45210 |a Arxiu |b Arxiu |d 2016-12-01 |l 0 |o M-1-43, M-1-44, M-1-45, M-1-46, M-1-47, M-1-48, M-1-49 |p 7627, 7582, 8063, 86 |r 2016-12-01 00:00:00 |w 2016-12-01 |y ARXIU | ||
| 999 | |c 48282 |d 48282 | ||